书目信息 |
| 题名: |
配电线路
|
|
| 作者: | 王明立 编 | |
| 分册: | ||
| 出版信息: | 北京 中国电力出版社 1998 |
|
| 页数: | 208页 | |
| 开本: | 19cm | |
| 丛书名: | 全国星火计划丛书 | |
| 单 册: | ||
| 中图分类: | TM726-44 | |
| 科图分类: | ||
| 主题词: | 配电线路--问题解答 | |
| 电子资源: | ||
| ISBN: | 7-80125-645-X | |
| 000 | 00750nam2 2200265 450 | |
| 001 | 0100657228 | |
| 005 | 20101201104527.0 | |
| 010 | @a7-80125-645-X@dCNY8.00 | |
| 011 | @a7-80125-645-X | |
| 100 | @a20021005d1998 em y0chiy0110 ea | |
| 101 | 0 | @achi |
| 102 | @aCN@b110000 | |
| 105 | @ay z 000yy | |
| 106 | @ar | |
| 200 | 1 | @a配电线路@9Pei Dian Xian Lu @f王明立编@b专著 |
| 210 | @a北京@c中国电力出版社@d1998 | |
| 215 | @a208页@d19cm | |
| 225 | 2 | @a全国星火计划丛书@i农电技术问答丛书 |
| 410 | 0 | @12001 @a全国星火计划丛书 |
| 410 | 0 | @12001 @a农电技术问答丛书 |
| 606 | 0 | @a配电线路@x问题解答 |
| 690 | @aTM726-44@v3 | |
| 701 | 0 | @a王明立@9wang ming li@4编 |
| 801 | 0 | @aCN@bAiZhiMarc@c19980817 |
| 905 | @aBZT@dTM726-44@e1@f20@sTM726-44/1 | |
| 配电线路/王明立编.-北京:中国电力出版社,1998 |
| 208页;19cm.-(全国星火计划丛书.农电技术问答丛书) |
| ISBN 7-80125-645-X:CNY8.00 |
| ● |
| 相关链接 |
|
|
|
正题名:配电线路
索取号:TM726-44/1
 
预约/预借
| 序号 | 登录号 | 条形码 | 馆藏地/架位号 | 状态 | 备注 |
| 1 | 2000014083 | 2000014083 | 旧书回溯/ [索取号:TM726-44/1] | 在馆 | |
| 2 | 2000061001 | 2000061001 | 旧书回溯/ [索取号:TM726-44/1] | 在馆 | |
| 3 | 2000069319 | 2000069319 | 旧书回溯/ [索取号:TM726-44/1] | 在馆 | |
| 4 | 2000070207 | 2000070207 | 旧书回溯/ [索取号:TM726-44/1] | 在馆 | |
| 5 | 2000070208 | 2000070208 | 旧书回溯/ [索取号:TM726-44/1] | 在馆 | |
| 6 | 2000070209 | 2000070209 | 旧书回溯/ [索取号:TM726-44/1] | 在馆 | |
| 7 | 2000071077 | 2000071077 | 旧书回溯/ [索取号:TM726-44/1] | 在馆 | |
| 8 | 2000071078 | 2000071078 | 旧书回溯/ [索取号:TM726-44/1] | 在馆 | |
| 9 | 2000071079 | 2000071079 | 旧书回溯/ [索取号:TM726-44/1] | 在馆 | |
| 10 | 2000071080 | 2000071080 | 旧书回溯/ [索取号:TM726-44/1] | 在馆 | |
| 11 | 2000071081 | 2000071081 | 旧书回溯/ [索取号:TM726-44/1] | 在馆 | |
| 12 | 2000071082 | 2000071082 | 旧书回溯/ [索取号:TM726-44/1] | 在馆 | |
| 13 | 2000071083 | 2000071083 | 旧书回溯/ [索取号:TM726-44/1] | 在馆 | |
| 14 | 2000071084 | 2000071084 | 旧书回溯/ [索取号:TM726-44/1] | 在馆 | |
| 15 | 2000071085 | 2000071085 | 旧书回溯/ [索取号:TM726-44/1] | 在馆 | |
| 16 | 2000071086 | 2000071086 | 旧书回溯/ [索取号:TM726-44/1] | 在馆 | |
| 17 | 2000071087 | 2000071087 | 旧书回溯/ [索取号:TM726-44/1] | 在馆 | |
| 18 | 2000071088 | 2000071088 | 旧书回溯/ [索取号:TM726-44/1] | 在馆 | |
| 19 | 2000071089 | 2000071089 | 旧书回溯/ [索取号:TM726-44/1] | 在馆 | |
| 20 | 2000071090 | 2000071090 | 旧书回溯/ [索取号:TM726-44/1] | 在馆 |